000 00552nam a2200181 i 4500
001 93727
003 ES-MaACL
005 20230906181313.0
007 t|
008 050418s1951 sp d |||| | spa d
080 _a340.149.3
100 1 _aLópez de Haro, Carlos.
_973545
245 1 0 _aDiccionario de reglas, aforismos y principios de Derecho /
_cpor Carlos López de Haro.
260 _aMadrid :
_bInstituto Editorial Reus,
_c1951.
300 _a372 p. ;
_c18 cm.
650 4 _aDerecho-
_vMáximas y aforismos.
_9160653
852 _aES-MaACL
_jC-9007
999 _c93727
_d93727